[Event "TUR-ch"]
[Site "Antalya"]
[Date "2013.02.07"]
[Round "9"]
[White "Kunac, Bertan"]
[Black "Ozalp, Burak"]
[Result "0-1"]
[WhiteElo "1825"]
[BlackElo "2022"]
[PlyCount "58"]
[EventDate "2013.02.02"]
[EventType "swiss"]
[EventRounds "11"]
[EventCountry "TUR"]
[SourceTitle "CBM 152 Extra"]
[Source "ChessBase"]
[SourceDate "2013.02.25"]
[SourceVersion "1"]
[SourceVersionDate "2013.02.25"]
[SourceQuality "1"]

1. e4 c5 2. Nf3 g6 3. d4 cxd4 4. Qxd4 Nf6 5. e5 Nc6 6. Qc3 Ne4 7. Qc4 d5 8. exd6 Nxd6 9. Qc3 e5 10. Be2 Bg7 11. 0-0 0-0 12. Qa3 e4 13. Nfd2 Nd4 14. Bd1 Be6 15. Nb3 Nc4 16. Qb4 a5 17. Qe1 Nxb3 18. axb3 Nxb2 19. Bxb2 Bxb2 20. Ra2 Bg7 21. Qxe4 Re8 22. Qxb7 Bd5 23. Qb5 Be5 24. c4 Be4 25. Bc2 Bxg2 26. Kxg2 Qg5+ 27. Kf3 Qf4+ 28. Ke2 Bb2+ 29. Kd1 Qc1# 0-1

[Event "TUR-ch"]
[Site "Antalya"]
[Date "2013.02.06"]
[Round "7"]
[White "Kunac, Bertan"]
[Black "Eldemir, Goksu"]
[Result "0-1"]
[WhiteElo "1825"]
[BlackElo "1631"]
[PlyCount "114"]
[EventDate "2013.02.02"]
[EventType "swiss"]
[EventRounds "11"]
[EventCountry "TUR"]
[SourceTitle "CBM 152 Extra"]
[Source "ChessBase"]
[SourceDate "2013.02.25"]
[SourceVersion "1"]
[SourceVersionDate "2013.02.25"]
[SourceQuality "1"]

1. e4 c5 2. Nf3 d6 3. d4 cxd4 4. Nxd4 Nf6 5. Nc3 g6 6. Be2 Bg7 7. 0-0 0-0 8. Be3 Nc6 9. h3 a6 10. a4 Qc7 11. Nxc6 bxc6 12. a5 c5 13. f3 Bd7 14. Qc1 Bc6 15. Na4 Nd7 16. c3 Bb5 17. c4 Bxa4 18. Rxa4 Rab8 19. Ra2 Ne5 20. Bh6 Nc6 21. Bxg7 Kxg7 22. Qd2 Nd4 23. f4 Qb7 24. e5 Qb3 25. Rfa1 Qc2 26. Qxc2 Nxc2 27. Rd1 Nd4 28. Kf2 dxe5 29. fxe5 Rb4 30. Bf1 Rfb8 31. Ke3 Rd8 32. Ke4 e6 33. g4 Nc6 34. Raa1 Rd4+ 35. Rxd4 Nxd4 36. Ra2 Nc6 37. g5 h5 38. Kf4 Rb3 39. Ke4 Nb4 40. Ra1 Rxb2 41. Ra4 Nc6 42. Ra3 Rb1 43. Bg2 Re1+ 44. Kf4 Nb4 45. Bf3 Rc1 46. Be2 Nc6 47. Rd3 Nd4 48. Rxd4 cxd4 49. Ke4 Ra1 50. Kxd4 Rxa5 51. Bf3 Kf8 52. c5 Ke7 53. c6 Kd8 54. Bg2 Kc7 55. Bf3 Ra3 56. Be2 Rxh3 57. Bxa6 Rg3 0-1

[Event "TUR-ch"]
[Site "Antalya"]
[Date "2013.02.05"]
[Round "5"]
[White "Burcu, Cagatay"]
[Black "Kunac, Bertan"]
[Result "1-0"]
[WhiteElo "2007"]
[BlackElo "1825"]
[PlyCount "131"]
[EventDate "2013.02.02"]
[EventType "swiss"]
[EventRounds "11"]
[EventCountry "TUR"]
[SourceTitle "CBM 152 Extra"]
[Source "ChessBase"]
[SourceDate "2013.02.25"]
[SourceVersion "1"]
[SourceVersionDate "2013.02.25"]
[SourceQuality "1"]

1. d4 c6 2. c4 d5 3. Nc3 Nf6 4. Nf3 e6 5. Bg5 Be7 6. e3 0-0 7. Qc2 b6 8. Be2 Bb7 9. 0-0 Nbd7 10. Rfd1 Rc8 11. Rac1 h6 12. Bh4 Nh5 13. Bxe7 Qxe7 14. cxd5 exd5 15. Qf5 Nhf6 16. Bd3 Rfe8 17. Nd2 c5 18. dxc5 bxc5 19. e4 dxe4 20. Ndxe4 Nxe4 21. Bxe4 Nf6 22. Bf3 Bxf3 23. Qxf3 Qe5 24. h3 Rb8 25. b3 Rb4 26. Nd5 Nxd5 27. Qxd5 Qxd5 28. Rxd5 Re2 29. Rcxc5 Rxa2 30. Rc8+ Kh7 31. Rc7 Rf4 32. f3 a5 33. Rdd7 Kg6 34. h4 a4 35. bxa4 Raxa4 36. Kf2 Rf6 37. h5+ Kxh5 38. Rxf7 Rxf7 39. Rxf7 Kg6 40. Rb7 h5 41. Kg3 Ra2 42. Kh3 Rf2 43. Rb4 Kf5 44. Kg3 Ra2 45. Rb5+ Kg6 46. f4 h4+ 47. Kh3 Rf2 48. Rg5+ Kf6 49. Rg4 g6 50. Kxh4 Kf5 51. Rg5+ Kxf4 52. Rxg6 Kf5 53. Kh5 Ra2 54. g4+ Ke5 55. Rb6 Rh2+ 56. Kg5 Rh1 57. Rf6 Rg1 58. Rf2 Ke6 59. Kh5 Ke7 60. g5 Rh1+ 61. Kg6 Rh3 62. Kg7 Rh1 63. g6 Rh3 64. Kg8 Rh1 65. g7 Re1 66. Rh2 1-0